000
00207 a2200097 4500
001
22753
100
_a
Peery, D J
245
_a
Aircraft - Structure
260
_a
_b
McGraw-Hill
_c
1950
090
_c
15385
_d
15385
942
_a
NUST-CAE
_c
M
_c
5986
999
_c
257826
_d
257826